Bend the Rules - Niall Horan (Lyrics) - Statistics

General Stats
  • This quiz has been taken 29 times
  • The average score is 210 of 271
Answer Stats
% Correct
a
100%
[Verse 1] I
100%
you
100%
be
94%
bend
94%
rules
94%
so
94%
the
94%
The
94%
what
94%
and
88%
And
88%
do
88%
to
88%
way
88%
your
88%
you're
88%
break
81%
But
81%
but
81%
don't
81%
go
81%
hurts
81%
it
81%
just
81%
Just
81%
not
81%
that
81%
bad
75%
'Cause
75%
doin'
75%
goin'
75%
know
75%
now
75%
on
75%
paper
75%
say
75%
them
75%
any
69%
babe
69%
called
69%
crazy
69%
Feelin'
69%
have
69%
[Chorus] I'm
69%
leavin'
69%
like
69%
lyin'
69%
miss
69%
out
69%
proof
69%
sayin'
69%
truth
69%
Wonder
69%
At
63%
favorite
63%
guilty
63%
place
63%
Is
56%
it's
56%
one
56%
there
56%
list
50%
names
50%
about
44%
can't
44%
help
44%
won't
44%
glass
38%
going
38%
last
38%
myself
38%
ask
31%
fair
31%
for
31%
laugh
31%
makes
31%
medicine
31%
pour
31%
[Verse 2] Someone
31%
[Post-Chorus] Mmm
25%
our
19%
No matching quizzes found
Score Distribution
Percent of People with Each Score
Percentile by Number Answered
Your Score History
You have not taken this quiz